Điều dưỡng ngoại 2 : Dùng cho đào tạo cử nhân điều dưỡng

Sách cung cấp các kiến thức cơ bản, vấn đề chăm sóc người bệnh, kỹ thuật chăm sóc và đặc biệt là quy trình điều dưỡng ngoại khoa.

Bewaard in:
Bibliografische gegevens
Hoofdauteur: Nguyễn Tấn Cường (Chủ biên)
Andere auteurs: Trần Thị Thuận (Biên soạn), Nguyễn Thị Ngọc Sương (Biên soạn)
Formaat: Boek
Taal:Vietnamese
Gepubliceerd in: H. Giáo dục Việt Nam 2016
Editie:Tái bản lần thứ 4
Onderwerpen:
Tags: Voeg label toe
Geen labels, Wees de eerste die dit record labelt!
Thư viện lưu trữ: Thư viện Trường Đại học Nam Cần Thơ
LEADER 01910nam a22002897a 4500
001 NCT_59785
008 190221b xxu||||| |||| 00| 0 vie d
999 |c 2902  |d 2902 
020 |a 9786040066190  |c 75000 
082 0 4 |2 23rd ed.  |a 617  |b C561 
100 1 |a Nguyễn Tấn Cường  |e Chủ biên 
245 1 0 |a Điều dưỡng ngoại 2 :  |b Dùng cho đào tạo cử nhân điều dưỡng  |c Nguyễn Tấn Cường (chủ biên) ;Trần Thị Thuận, Nguyễn Thị Ngọc Sương (biên soạn) 
250 |a Tái bản lần thứ 4 
260 |a H.  |b Giáo dục Việt Nam  |c 2016 
300 |a 283 tr.  |b Hình vẽ  |c 27cm 
500 |a ĐTTS ghi: Bộ Y tế 
520 3 |a Sách cung cấp các kiến thức cơ bản, vấn đề chăm sóc người bệnh, kỹ thuật chăm sóc và đặc biệt là quy trình điều dưỡng ngoại khoa. 
653 |a Y đa khoa 
700 1 |a Trần Thị Thuận  |e Biên soạn 
700 1 |a Nguyễn Thị Ngọc Sương  |e Biên soạn 
942 |2 ddc  |c BK 
952 |0 0  |1 0  |2 ddc  |4 0  |6 617_000000000000000_C561  |7 0  |9 15619  |a 000001  |b 000001  |d 2019-02-21  |o 617 C561  |p MD.14390  |r 2019-02-21  |v 75000.00  |w 2019-02-21  |y BK 
952 |0 0  |1 0  |2 ddc  |4 0  |6 617_000000000000000_C561  |7 0  |9 15620  |a 000001  |b 000001  |d 2019-02-21  |o 617 C561  |p MD.14391  |r 2019-02-21  |v 75000.00  |w 2019-02-21  |y BK 
952 |0 0  |1 0  |2 ddc  |4 0  |6 617_000000000000000_C561  |7 0  |9 15621  |a 000001  |b 000001  |d 2019-02-21  |o 617 C561  |p MD.14392  |r 2019-02-21  |v 75000.00  |w 2019-02-21  |y BK 
952 |0 0  |1 0  |2 ddc  |4 0  |6 617_000000000000000_C561  |7 0  |9 15622  |a 000001  |b 000001  |d 2019-02-21  |o 617 C561  |p MD.14393  |r 2019-02-21  |v 75000.00  |w 2019-02-21  |y BK 
952 |0 0  |1 0  |2 ddc  |4 0  |6 617_000000000000000_C561  |7 0  |9 15623  |a 000001  |b 000001  |d 2019-02-21  |o 617 C561  |p MD.14394  |r 2019-02-21  |v 75000.00  |w 2019-02-21  |y BK 
980 |a Thư viện Trường Đại học Nam Cần Thơ